LEADER 01169nam0 22002891i 450 001 UON00489123 005 20231205105324.471 010 $a88-900011-0-0 100 $a20180611d1988 |0itac50 ba 101 $aita 102 $aIT 105 $a|||| ||||| 200 1 $aGlossario di terminologia NATO ed Europa$ecorredato da un elenco di termini inglesi, da un siglario e da un indice sistematico$fLeonetto De Leon 205 $a2. ed. riv. ed ampliata 210 $aRoma$cAgenzia di stampa Notizie NATO$d1988 215 $a107 p.$d17 cm. 606 $aNATO$xDizionari$3UONC093880$2FI 620 $aIT$dRoma$3UONL000004 676 $a355.031$cRelazioni militari$v22 700 1$aDE LEON$bLeonetto$3UONV239535$0756346 712 $a*Agenzia di stampa *Notizie *NATO,$3UONV283124$4650 801 $aIT$bSOL$c20240220$gRICA 899 $aSIBA - SISTEMA BIBLIOTECARIO DI ATENEO$2UONSI 912 $aUON00489123 950 $aSIBA - SISTEMA BIBLIOTECARIO DI ATENEO$dSI FS 07380 $eSI FP 3258 5 996 $aGlossario di terminologia NATO ed Europa$91524506 997 $aUNIOR